书目信息 |
| 题名: |
中国广告词典
|
|
| 作者: | 王多明 主编 | |
| 分册: | ||
| 出版信息: | 成都 四川大学出版社 1996.10 |
|
| 页数: | 545页 | |
| 开本: | 32开 | |
| 丛书名: | ||
| 单 册: | ||
| 中图分类: | F713.8 | |
| 科图分类: | ||
| 主题词: | 商业经济--国内 | |
| 电子资源: | ||
| ISBN: | 7-5614-1338-6 | |
| 000 | 00556nam0 2200193 45 | |
| 001 | 0009082189 | |
| 005 | 20000908210920.3 | |
| 010 | @a7-5614-1338-6@d28.00元 | |
| 100 | @a20000908d1996 km y0chiy0120 ea | |
| 101 | 0 | @achi |
| 105 | @a z 000yy | |
| 200 | 1 | @a中国广告词典@AZhong Guo Guang Gao Ci Dian@f王多明主编@FWang Duo Ming Zhu Bian |
| 210 | @a成都@c四川大学出版社@d1996.10 | |
| 215 | @a545页@d32开 | |
| 606 | 0 | @a商业经济@x国内 |
| 690 | @aF713.8@v3 | |
| 701 | 0 | @a王多明@4主编 |
| 801 | @aCN@bPftUser@c20000908 | |
| 905 | @b130094-098@dF713.8@eW524@f5 | |
| 中国广告词典/王多明主编.-成都:四川大学出版社,1996.10 |
| 545页;32开 |
| ISBN 7-5614-1338-6:28.00元 |
| ● |
| 相关链接 |
|
|
|
正题名:中国广告词典
索取号:F713.8/W524
 
预约/预借
| 序号 | 登录号 | 条形码 | 馆藏地/架位号 | 状态 | 备注 |
| 1 | 130094 | 201300948 | 社科二线422/409社科库 44排5列3层/ [索取号:F713.8/W524] | 在馆 | |
| 2 | 130095 | 201300957 | 社科库409/409社科库 44排5列3层/ [索取号:F713.8/W524] | 在馆 | |
| 3 | 130096 | 201300966 | 社科库409/422社科库 36排4列2层/ [索取号:F713.8/W524] | 在馆 | |
| 4 | 130097 | 201300975 | 管理学院资料室/ [索取号:F713.8/W524] | 在馆 | |
| 5 | 130098 | 201300984 | 社科库409/409社科库 44排5列3层/ [索取号:F713.8/W524] | 在馆 |